000 00579nam a2200205Ia 4500
005 20250923144712.0
008 008 250917s9999 xx 000 0 eng d
037 _aTextual
040 _aDSWL
_beng
_cDSWL
041 _aeng
_2eng
084 _aY1:492.2.C, K0
_qDSWL
100 _aChanana, Dev Raj
_9827542
245 0 _aSlavery in ancient India
_cby Dev Raj Chanana
260 _aDelhi
_bPeople's Publishing House
_c1960
300 _a203p.
365 _aINR
_b10
925 _g10
942 _cTEXL
_hY1:492.2.C, K0
999 _c1442261
_d1442261